Perfeccionamiento en producción, cosecha y embalaje de uva de exportación
שמור ב:
| פורמט: | ספר |
|---|---|
| שפה: | ספרדית |
| יצא לאור: |
Santiago
Fundación Chile
1985
|
| נושאים: | |
| תגים: |
הוספת תג
אין תגיות, היה/י הראשונ/ה לתייג את הרשומה!
|
MARC
| LEADER | 00000nam a2200000 a 4500 | ||
|---|---|---|---|
| 001 | UCV7174 | ||
| 003 | CL-VaPUC | ||
| 008 | 890328e19850000CL |||||||||||||||||spa|d | ||
| 082 | 0 | 4 | |a 634.8 |b PER |2 21 |
| 245 | 1 | 0 | |a Perfeccionamiento en producción, cosecha y embalaje de uva de exportación |
| 300 | |a 180 h | ||
| 942 | |c BK | ||
| 945 | |d 19890328 00:00:00 | ||
| 260 | |a Santiago |b Fundación Chile |c 1985 | ||
| 650 | 0 | |a Viticultura |9 301210 | |
| 650 | 7 | |a UVAS |2 CL-VaPUC |9 301214 | |
| 651 | 7 | |a CHILE |2 CL-VaPUC |9 301215 | |
| 583 | |a last modification |c 20120517 11:33:59 |k Rodrigo Vera | ||
| 999 | |c 212898 |d 212896 | ||